| 000 | 01124cam a2200349 i 4500 | ||
|---|---|---|---|
| 001 | 25485 | ||
| 003 | Mx-PuUPA | ||
| 005 | 20251008102141.0 | ||
| 008 | 140415s1978 sp gr 000 0dspa d | ||
| 017 | _aM. 15044 - 1978 | ||
| 020 | _a8420612839 | ||
| 040 |
_aMx-PuUPA _bspa _cMx-PuUPA _dMx-PuUPA _erda |
||
| 041 | 0 | _aspa | |
| 100 | 1 |
_aUnamuno, Miguel de, _d1864-1936 _94742 _eautor |
|
| 245 | 1 | 0 |
_aDiario íntimo / _bMiguel de Unamuno |
| 250 | _aCuarta edición | ||
| 264 | 1 |
_aMadrid, España : _bAlianza Editorial, _c1978 |
|
| 300 |
_a215 páginas ; _c18 cm |
||
| 336 |
_2rdacontent _atexto _btxt |
||
| 337 |
_2rdamedia _asin medio _bn |
||
| 338 |
_2rdacarrier _avolumen _bnc |
||
| 490 | 0 |
_aEl libro de bolsillo ; _v283 |
|
| 490 | 0 | _aHumanidades | |
| 600 | 0 | 4 |
_aUnamuno, Miguel de, _d1864-1836 _vBiografías |
| 600 | 0 | 4 |
_aUnamuno, Miguel, _d1864-1936 _xDiarios personales |
| 650 | 7 |
_2armarc _aAutores españoles _x _vBiografías |
|
| 942 |
_2ddc _cLI _h809.8946 _iU54 |
||
| 999 |
_c25485 _d25485 |
||